1539 1056 1151 1407 1038 1588 1701 1523 1419 1465 1360 1566 1220 1528 1382 1666 1057 1975 1875 1973 1996 1452 1950 1261 1547 1909 1999 1406 1163 1781 1675 1467 1168 1941 1823 1958 1473 1515 1384 1792 1502 1838 1176 1718 1179 1885 1945 1587 1794 1156 1440 1434 1522 1335 1725 1838 1829 1727 1920 1343 1944 1954 1581 1001 1068 1990 1271 1420 1373 1701 1884 1325 1213 1716 1497 1232 1288 1329 1728 1242 1488 1303 1657 1554 1479 1127 1792 1074 1503 1138 1850 1441 1558 1006 1100 1080 1482 1349 1107 BCNSPRNW ULIB Ver.6.0+V

เปลี่ยนเป็นภาษาไทย

Change to English
 แสดงรายละเอียดบรรณานุกรม
  กลับหน้าหลัก

Brief Record : Get Marc (ISO 2709) : E-mail record : QR code < ปิดหน้าต่าง
LEADER : 00000nam 2200000uu 4500
001    13399127418
003     ULIB
008    200520s2562||||th 000 0 tha d
020    ู^a9786160038183
050  0 ^aนว^bก398ค
100    ^aกัลฐิดา
245    ^aคิวรัก...หมายเลขหนึ่ง
250    ^aพิมพ์ครั้งที่ 1
260    ^aกรุงเทพฯ :^bพิมพ์คำ,^c2562
300    ^a372 หน้า;^b21 ซม.
650    ^aนวนิยาย
945    ^p260^l0^i007092
999    ^aประนอม เกษจรัล
รายการนี้ยังไม่มีแท็ก
คุณยังไม่ได้ล็อกอิน คุณสามารถมีกิจกรรมร่วมกับเว็บไซต์ได้ แต่ต้องล็อกอินก่อน ::
  ล็อกอิน

รายการสื่อสารสนเทศ

ลำดับที่ ประเภท เลขเรียก/บาร์โค้ด สถานที่ สถานะ
1. นวนิยาย
นวนิยาย
นว ก398ค ฉ.1 
  Barcode: 007092
ห้องสมุดวิทยาเขตสวรรค์ประชารักษ์
►หนังสือทั่วไป
บนชั้น

รายการใกล้เคียง
    ชื่อเรื่อง [คิวรัก...หมายเลขหนึ่ง]

    ผู้แต่ง [กัลฐิดา]

    หัวเรื่อง [นวนิยาย]

BibComment


ยังไม่เคยถูกคอมเมนท์

คอมเมนท์ทรัพยากรรายการนี้
  คอมเมนท์: คิวรักหมายเลขหนึ่ง


 Copyright 2026. Bcnsprnw @Library